|
|
|
|
| LEADER |
00000nab a2200000 a 4500 |
| 001 |
vtls000420256 |
| 003 |
SK-MaSNL |
| 005 |
20260305035308.0 |
| 008 |
120925c1991 xo 0 slo |
| 015 |
|
|
|a SNBRB19rr/mm-uuuuu
|
| 035 |
|
|
|a CL0420384
|
| 040 |
|
|
|a SNKBUCL
|b slo
|c SNKBUCL
|e AACR2
|
| 041 |
0 |
|
|a slo
|
| 044 |
|
|
|a xo
|c SK
|
| 080 |
|
|
|a 796.61.015+796.42.015+797.212.015
|2 1981
|
| 080 |
|
|
|a 796.42.015
|2 1981
|
| 080 |
|
|
|a 797.212.015
|2 1981
|
| 080 |
|
|
|a 796.42.012
|2 1981
|
| 080 |
|
|
|a 796.212
|2 1981
|
| 100 |
1 |
|
|a Martiš, Fedor,
|d 1950-
|4 aut
|9 259479
|
| 245 |
1 |
0 |
|a Tréning a ešte raz tréning
|c Fedor Martiš
|
| 300 |
|
|
|b Obr. 3.
|
| 650 |
0 |
7 |
|a triatlon
|2 snkbucl
|9 14310
|
| 650 |
0 |
7 |
|a športový tréning
|2 snkbucl
|9 163263
|
| 655 |
|
7 |
|a články z novín a časopisov
|2 snkbucl
|9 267496
|
| 773 |
0 |
|
|t Fit plus
|g Roč. 1, č. 3 (1991), s. 10-11
|
| 850 |
|
|
|a Slovenská národná knižnica v Martine
|a MTA001
|
| 852 |
|
|
|a SNK
|b KIS3GCP
|
| 958 |
|
|
|a RK
|
| 992 |
|
|
|a RBX
|
| 999 |
|
|
|c 3333128
|d 3335058
|